Data structures, algorithms, and object-oriented programming
The book provides a modern treatment of data structures and rigorous analyses of their corresponding algorithms. Implementation of these data structures is considered from the perspective of object-oriented programming, and is supported by detailed examples in C++
Đã lưu trong:
| 主要作者: | |
|---|---|
| 格式: | 图书 |
| 语言: | Undetermined |
| 出版: |
New York
McGraw-Hill
1996
|
| 主题: | |
| 标签: |
添加标签
没有标签, 成为第一个标记此记录!
|
| Thư viện lưu trữ: | Trung tâm Học liệu Trường Đại học Cần Thơ |
|---|
| LEADER | 00841nam a2200205Ia 4500 | ||
|---|---|---|---|
| 001 | CTU_32134 | ||
| 008 | 210402s9999 xx 000 0 und d | ||
| 020 | |b 221 700đ | ||
| 082 | |a 005.133 | ||
| 082 | |b H466 | ||
| 100 | |a Heileman, Gregory L. | ||
| 245 | 0 | |a Data structures, algorithms, and object-oriented programming | |
| 245 | 0 | |c Gregory L. Heileman | |
| 260 | |a New York | ||
| 260 | |b McGraw-Hill | ||
| 260 | |c 1996 | ||
| 520 | |a The book provides a modern treatment of data structures and rigorous analyses of their corresponding algorithms. Implementation of these data structures is considered from the perspective of object-oriented programming, and is supported by detailed examples in C++ | ||
| 650 | |a Algorithms,Object-oriented databases | ||
| 904 | |i chi, QHieu | ||
| 980 | |a Trung tâm Học liệu Trường Đại học Cần Thơ | ||